| 000 | 00616nam a2200193Ia 4500 | ||
|---|---|---|---|
| 008 | 151121s9999||||xx |||||||||||||| ||und|| | ||
| 082 | _a833/गर्ग | ||
| 082 | _bHNW-47393 | ||
| 100 | _aगर्ग लक्ष्मीनारायण | ||
| 245 | _aसिरफिरा | ||
| 260 | _b"किताबघर , दिल्ली।" | ||
| 260 | _c-- | ||
| 300 | _a160 | ||
| 600 | _aगर्ग लक्ष्मीनारायण | ||
| 630 | _aसिरफिरा | ||
| 700 | _aगर्ग लक्ष्मीनारायण | ||
| 730 | _aसिरफिरा | ||
| 942 | _cBOOK | ||
| 999 |
_c1233478 _d1233475 |
||